000 00827nam a2200313 4500
001 0001310647
003 DO-SdBNP
005 20180202104235.0
007 0001310647
008 990901s1998 sp | ||| ||spa
016 7 _a
_2BPMSU
017 _a
_b
020 _a8408026755
035 _a
040 _aBPMUS
_bspa
_cBPMSU
_e
041 1 _aspa
_h
080 0 _a
100 1 _aYourcenar, Marguerite,
_d1903-1987.
240 1 0 _aMémoires d'Hadrien
_lEspañol
245 1 0 _aMemorias de Adriano /
_cMarguerite Yourcenar ; traducción de Julio Cortázar
_h
250 _a
260 _aBarcelona :
_bPlaneta,
_c1998
300 _a366 p.
_c18 cm
490 1 _aBooket
_v317
830 0 _pBooket
_v317
942 _2ddc
_cBK
945 _aInventariado, 2018 /LP
956 _2VMATEO
_310
_620160328
_8BPMSU
_a 0069
999 _c9397
_d9397